[Event "Dubai op 19th"]
[Site "Dubai"]
[Date "2017.04.06"]
[Round "4"]
[White "Mchedlishvili, Mikheil"]
[Black "Kotanjian, Tigran"]
[Result "1-0"]
[WhiteElo "2602"]
[BlackElo "2469"]
[PlyCount "75"]
[EventDate "2017.04.03"]
[EventType "swiss"]
[EventRounds "9"]
[EventCountry "UAE"]
[SourceTitle "CBM 177 Extra"]
[Source "ChessBase"]
[SourceDate "2017.04.27"]
[SourceVersion "1"]
[SourceVersionDate "2017.04.27"]
[SourceQuality "1"]

1. d4 Nf6 2. c4 g6 3. Nc3 Bg7 4. e4 d6 5. f3 0-0 6. Be3 Nc6 7. Nge2 a6 8. Qd2 Rb8 9. Rc1 Bd7 10. Nd1 b6 11. Nf2 Na5 12. b4 Nb7 13. Nc3 a5 14. a3 axb4 15. axb4 c5 16. Rb1 Nh5 17. Be2 f5 18. exf5 gxf5 19. f4 cxd4 20. Bxd4 e5 21. Bxb6 Qxb6 22. Bxh5 Be6 23. Nd5 Bxd5 24. Qxd5+ Kh8 25. 0-0 e4 26. Kh1 Nd8 27. Nh3 Rf6 28. Rfd1 h6 29. Be8 Ne6 30. Bd7 Nc7 31. Qc6 e3 32. Ng1 Bf8 33. Qxb6 Rxb6 34. b5 Rb8 35. Ne2 Na8 36. Bc6 Nb6 37. Rbc1 Re6 38. g3 1-0